| 000 | 00671nam a2200229 a 4500 | ||
|---|---|---|---|
| 999 |
_c1161 _d1161 |
||
| 008 | 191205r20072013ii a|||g |||| 00| 0 eng d | ||
| 020 |
_a9788184043136 _cRs. 425.00 |
||
| 040 |
_aKO _beng |
||
| 041 | 0 | _aeng | |
| 044 | _aii | ||
| 082 | 0 | 4 |
_223 _a623.87 _bM2891 |
| 100 | 1 | _aMajumder, J. | |
| 245 | 1 | 0 |
_aMarine Control Technology / _cJ. Majumder and Elstan A. Fernandez |
| 260 |
_aMumbai : _bShroff Publishers & Distributors Pvt Ltd, _c2007 reprinted 2013 |
||
| 300 |
_axix, 312 p. : _bill. ; _c28 cm. |
||
| 650 | 0 | _aMarine engineering | |
| 650 | 0 | _aShips -- Safety regulations | |
| 700 | 1 |
_aFernandez, Elstan A. _eaut |
|
| 904 | _aS_JOY | ||
| 942 | _cBK | ||